| 000 | 00625nam a22002051 4500 | ||
|---|---|---|---|
| 003 | OSt | ||
| 005 | 20151208165039.0 | ||
| 008 | 990201s1974 sp spa | ||
| 020 | _a84-226-0530-9 | ||
| 040 | _cBMC | ||
| 082 | _a813.5 | ||
| 100 | 1 |
_aSlaughter, Frank G. _936551 _d1908-2001 |
|
| 245 | 1 | 0 |
_aCirujano del aire _cFrank G. Slaughter ; [traducción, Eliseo Rodríguez] |
| 260 |
_aBarcelona _bCírculo de Lectores _cD.L. 1974 |
||
| 300 |
_a334 p., 1 h. _c20 cm |
||
| 546 | _aTraducción de: Eliseo Rodríguez | ||
| 650 | 2 | 4 |
_917595 _aNovela norteamericana |
| 700 | 1 |
_937452 _aRodríguez, Eliseo |
|
| 942 |
_2ddc _cBK |
||
| 999 |
_c23747 _d23747 |
||